000 01456nas0a22003251i 4500
001 RU\NLR\DRGNLR\3767
005 20240725031232.0
035 _a(NLR Aleph) 010312339
090 _a10641531
_c10641531
100 _a20080514b18651867u y0rusy50 ca
101 0 _arus
102 _aRU
110 _acya||||||||
200 1 _aПромышленная газета
_eЕженед. изд. Журн. пром-сти, ремесел, торговли и сел. хоз-ва
_fРед.-изд. В.Я.Швиттау
210 _aСПб
_d1865, 30 апр - 1867, [?]
311 _aС 1 янв. 1868 изд. газ. "Содействие русской торговле и промышленности" (см. )
488 0 _12001#$aСодействие русской торговле и промышленности
_tСодействие русской торговле и промышленности
540 1 _aПромышленная газета
702 1 _aШвиттау
_bВ.Я.
_gВасилий Яковлевич
_4340
801 0 _aRU
_bNLR
_c20080514
_gPSBO
_2gzdor_isis
801 2 _aRU
_bNLR
_c20080514
_gPSBO
_2rusmarc
852 _aNLR
_j1-П/2-20бис
942 _cNEWSPAPER
980 _aDRG